LEADER 01367nam a2200289 u 4500 001 000000000215 003 CaOOAMICUS 005 20070226104156.0 008 940517m19281929it b u000 u ita u 035 $a10003140 040 $aPUL$bita 100 1 $aFurlani, Giuseppe,$d1885-1962.$0(OLS)http://pul/name/168 245 13$aLa religione babilonese e assira /$cGiuseppe Furlani. 260 $aBologna :$bN. Zanichelli,$c1928-1929. 300 $a2 v. :$b1 c. geogr. ;$c18 cm 490 1 $aStoria delle religioni ;$v6, 9 504 $aIncludes index and bibliographies. 505 0 $aVol. 1. Le divinitā -- v. 2. I miti e la vita religiosa. 650 0$aAssyro-Babylonian cults.$2//eng$0(OLS)http://pul/subject/165 650 0$aMythology, Assyro-Babylonian.$2//eng$0(OLS)http://pul/subject/166 830 0$aStoria delle religioni (Zanichelli) ;$v6, 9.$0(OLS)http://pul/title/209 850 $aPUL 852 $aPUL$W1$xDP1 Fondo Cecchetti$y53$m283 A 23-24$j162$nBK-PRI$b $qFondi$B162$CPULBib$Z2$F162 $HPUL5538-5539 $81 852 $aPUL$W1$xDP1 Fondo Cecchetti$y53$m283 A 23-24$j162$nBK-PRI$b $qFondi$B163$CPULBib$Z2$F163 $HPUL5538-5539 $81 941 1 $a1 996 $6245$aLa religione babilonese e assira$9(OLS)http://pul/title/208 996 $6260$aBologna :$bN. Zanichelli$9(OLS)http://pul/publisher/47939 LEADER 01221nam a2200277 u 4500 001 000000015229 003 CaOOAMICUS 005 20070226105845.0 008 940517s1957 sw u000 u ger u 035 $a10356666 040 $aPUL(R)$bita 100 1 $aBohlin, Torgny.$0(OLS)http://pul/name/14024 245 14$aDie Theologie des Pelagius und ihre Genesis /$cvon Torgny Bohlin. 260 $aUppsala :$bA.-B. Lundequist ;$aWiesbaden :$bO. Harrassowitz,$c1957. 300 $a110 p. ;$c25 cm 490 1 $aUppsala Universitets Årsskrift ;$v1957:9 600 04$aPelagius,$d350/354-423/429.$0(OLS)http://pul/subject/6731 650 4$aPelagianesimo.$0(OLS)http://pul/subject/6732 830 0$aUppsala Universitets Årsskrift ;$v1957:9.$0(OLS)http://pul/title/16480 850 $aPUL 852 $aPUL$W1$xSL Religione 1$y3$m24 D 36$j21338$nBK-PRI$b $qStampati$B21338$CPULBib$Z2$F21338 $H $81 941 1 $a8 961 $aINV: 28488 996 $6245$aDie Theologie des Pelagius und ihre Genesis$9(OLS)http://pul/title/21843 996 $6260$aUppsala :$bA.-B. Lundequist$9(OLS)http://pul/publisher/54620 996 $6260$aWiesbaden :$bO. Harrassowitz$9(OLS)http://pul/publisher/54621